Music Quiz

Random Music or Billboard Quiz

Top 100 Bands 1996 Quiz Stats

 Plays Quiz not verified by Sporcle

Score 0/100 Timer 10:00
0 Plays Today
Song Name Artist % Correct
One Sweet DayMariah Carey & Boyz II Men
90.6%
Always Be My BabyMariah Carey
90.3%
FantasyMariah Carey
90.3%
IronicAlanis Morissette
89.2%
You Learn/You Oughta KnowAlanis Morissette
89.2%
Gangsta's ParadiseCoolio
88%
1, 2, 3, 4 (Sumpin' New)Coolio
88%
WonderwallOasis
87.7%
Because You Loved MeCeline Dion
82.3%
It's All Coming Back To Me NowCeline Dion
82.3%
You're Making Me High/Let It FlowToni Braxton
81.8%
Un-Break My HeartToni Braxton
81.8%
No DiggityBLACKstreet (featuring Dr. Dre)
80.8%
How Do U Want It / California Love2pac
79.5%
Exhale (Shoop Shoop)Whitney Houston
76.2%
Count On MeWhitney Houston & Cece Winans
76.2%
1979The Smashing Pumpkins
75.9%
Macarena (Bayside Boys Mix)Los Del Rio
74.7%
MacarenaLos Del Rio
74.6%
Who Will Save Your SoulJewel
72.1%
Just A GirlNo Doubt
70.2%
If It Makes You HappySheryl Crow
65.5%
TimeHootie & The Blowfish
65.5%
Old Man & Me (When I Get To Heaven)Hootie & The Blowfish
65.5%
Only Wanna Be With YouHootie & The Blowfish
65.5%
Breakfast At Tiffany'sDeep Blue Something
65.2%
Give Me One ReasonTracy Chapman
64.6%
Tha CrossroadsBone Thugs-N-Harmony
63.8%
Change The WorldEric Clapton
60.8%
One Of UsJoan Osborne
58.7%
Sittin' Up In My RoomBrandy
55.9%
Follow You Down/Til I Hear It From YouGin Blossoms
55.2%
NameGoo Goo Dolls
53.8%
RunawayJanet Jackson
52.1%
Song Name Artist % Correct
You'll SeeMadonna
47.7%
Diggin' On YouTLC
47.2%
Before You Walk Out Of My Life / Like This And Like ThatMonica
46.5%
Why I Love You So Much / Ain't NobodyMonica
46.5%
Hey LoverLL Cool J
45.9%
LounginLL Cool J
45.9%
Doin ItLL Cool J
45.9%
Counting Blue CarsDishwalla
45.6%
PonyGinuwine
44.1%
Only You112 (featuring The Notorious B.I.G.)
43.7%
HookBlues Traveler
43.4%
Until It SleepsMetallica
43.3%
I Can't Sleep Baby (If I)R. Kelly
42.2%
Down Low (Nobody Has To Know)R. Kelly
42.2%
You Remind Me Of SomethingR. Kelly
42.2%
Woo-hah!! Got You All In Check / Everything Remains RawBusta Rhymes
41.6%
The World I KnowCollective Soul
41.2%
I Love You Always ForeverDonna Lewis
40.3%
As I Lay Me DownSophie B. Hawkins
37.7%
C'mon N' Ride It (The Train)Quad City DJ's
37%
MissingEverything But The Girl
36%
Be My LoverLa Bouche
35.4%
Sweet DreamsLa Bouche
35.4%
I Want To Come OverMelissa Etheridge
34.6%
Not Gon' CryMary J. Blige
34.4%
Beautiful LifeAce Of Base
34.4%
TwistedKeith Sweat
33.7%
NobodyKeith Sweat
33.7%
Back For GoodTake That
33.6%
FastloveGeorge Michael
33%
Nobody KnowsTony Rich Project
32.7%
I Got Id / Long RoadPearl Jam
32.6%
Key West Intermezzo (I Saw You First)John Mellencamp
28.3%
InsensitiveJann Arden
26.8%
Song Name Artist % Correct
WonderNatalie Merchant
26.8%
JealousyNatalie Merchant
26.8%
If Your Girl Only KnewAaliyah
26.2%
Closer to FreeBodeans
24.1%
Don't CrySeal
23.4%
Elevators (Me & You)Outkast
23.2%
Touch Me Tease MeCase (featuring Foxxy Brown)
22.5%
All The Things (Your Man Won't Do)Joe
22.1%
MouthMerril Bainbridge
21.3%
Theme From Mission: ImpossibleAdam Clayton & Larry Mullen
21.2%
Where Do You GoNo Mercy
20.6%
You're The OneSWV
20.4%
That GirlMaxi Priest (featuring Shaggy)
19.6%
Soon As I Get HomeFaith Evans
18.5%
ChildrenRobert Miles
18.3%
Hit Me OffNew Edition
15.2%
The Earth, The Sun, The RainColor Me Badd
14%
LadyD'Angelo
13.6%
Kissin' YouTotal
13.5%
No One ElseTotal
13.5%
Get MoneyJunior M.A.F.I.A.
13%
Tonight's Tha NightKris Kross
12.8%
Last NightAz Yet
12.4%
Who Do U LoveDeborah Cox
12.4%
Tell MeGroove Theory
12.3%
This Is Your NightAmber
11.9%
My BooGhost Town DJ's
11.7%
Anything3t
10.5%
Keep On, Keepin' OnMC Lyte
10.1%
HayCrucial Conflict
8.4%
Set U FreePlanet Soul
8.4%
Po PimpDo Or Die
8.3%

You're not logged in!

Compare scores with friends on all Sporcle quizzes.
OR
Log In

Sporcle TV

Today on Sporcle TV


Watch our educational content, quiz creation guides, and fun videos on Sporcle TV.

Show Comments

Extras

Top Quizzes Today


Score Distribution

Your Account Isn't Verified!

In order to create a playlist on Sporcle, you need to verify the email address you used during registration. Go to your Sporcle Settings to finish the process.

Report this User

Report this user for behavior that violates our Community Guidelines.

Details: